[Event "International Championship of Central S"]
[Site "Paracin"]
[Date "2014.07.10"]
[Round "8.1"]
[White "Molcanov, Sergej"]
[Black "Dimitrijevic, Dusan"]
[Result "0-1"]
[WhiteElo "1907"]
[BlackElo "2067"]
[PlyCount "114"]
[EventDate "2014.07.04"]

1. d4 e6 2. c4 b6 3. Nc3 Bb4 4. e4 Bb7 5. Bd3 f5 6. Qe2 fxe4 7. Bxe4 Bxe4 8.
Qxe4 Nc6 9. Nf3 Nf6 10. Qd3 O-O 11. O-O Qe8 12. Bg5 Qh5 13. Bxf6 Rxf6 14. Ne4
Rf4 15. Ng3 Qh6 16. a3 Bd6 17. c5 Bf8 18. Rfe1 Ne7 19. Rac1 Nd5 20. c6 d6 21.
Rc2 g5 22. Qb3 g4 23. Rxe6 Qxe6 24. Re2 Qg6 25. Qxd5+ Qf7 26. Qxf7+ Kxf7 27.
Ng5+ Kg6 28. Ne6 Rf7 29. d5 Bg7 30. f4 gxf3 31. gxf3 Be5 32. Rf2 Re8 33. f4
Rxe6 34. f5+ Rxf5 35. Nxf5 Rf6 36. Ne7+ Kf7 37. Nf5 Kg6 38. Ne7+ Kg5 39. Rg2+
Kh4 40. Rd2 Kg4 41. b4 b5 42. a4 a6 43. axb5 axb5 44. Re2 Bc3 45. Kg2 Bxb4 46.
Rb2 Bc5 47. h3+ Kh4 48. Rxb5 Rf2+ 49. Kh1 Kxh3 50. Rb3+ Kg4 51. Rc3 Rd2 52.
Rc4+ Bd4 53. Rb4 h5 54. Nc8 Kf3 55. Rb3+ Kf2 56. Kh2 Rd1 57. Kh3 Rh1# 0-1

[Event "International Championship of Central S"]
[Site "Paracin"]
[Date "2014.07.10"]
[Round "8.2"]
[White "Nikolovski, Nikola"]
[Black "Manelidis, Savvas"]
[Result "1-0"]
[WhiteElo "2017"]
[BlackElo "2000"]
[PlyCount "103"]
[EventDate "2014.07.04"]

1. e4 e5 2. Nf3 Nc6 3. d4 exd4 4. Bc4 Bc5 5. c3 Nf6 6. e5 d5 7. Bb5 Ne4 8. cxd4
Bb6 9. Nc3 O-O 10. Be3 Ne7 11. h3 Nf5 12. O-O Nxe3 13. fxe3 Ng3 14. Rf2 c6 15.
Bd3 f5 16. Qb3 Kh8 17. Nd2 f4 18. Nf1 Nh5 19. Be2 g6 20. Bxh5 gxh5 21. Ne2 f3
22. Nf4 fxg2 23. Kxg2 Rg8+ 24. Kh2 Qh4 25. Rd2 Bf5 26. Qd1 Rg5 27. Qf3 Be4 28.
Qf2 Qxf2+ 29. Rxf2 Rag8 30. Nd2 Rg3 31. Nxe4 dxe4 32. Re1 Ba5 33. Ree2 Rg1 34.
Rg2 R1xg2+ 35. Rxg2 h4 36. Ne6 h6 37. Nc5 Rf8 38. Nxe4 Rf3 39. Nf6 Rg3 40. Rxg3
hxg3+ 41. Kxg3 Kg7 42. Kf4 Kg6 43. Nd7 Bd2 44. Nc5 b6 45. Ne4 Bb4 46. Nd6 a5
47. Nc8 b5 48. Na7 c5 49. d5 c4 50. Nxb5 Bc5 51. b3 cxb3 52. axb3 1-0

[Event "International Championship of Central S"]
[Site "Paracin"]
[Date "2014.07.10"]
[Round "8.3"]
[White "Aleksic, Neven"]
[Black "Ostojic, Nikola M"]
[Result "1-0"]
[WhiteElo "1981"]
[BlackElo "2074"]
[PlyCount "119"]
[EventDate "2014.07.04"]

1. d4 Nf6 2. c4 e6 3. Nf3 d5 4. Nc3 c6 5. e3 Nbd7 6. Bd3 Bd6 7. O-O O-O 8. e4
dxc4 9. Bxc4 e5 10. dxe5 Nxe5 11. Nxe5 Bxe5 12. Qxd8 Rxd8 13. f3 b5 14. Be2
Bd4+ 15. Kh1 b4 16. Nd1 a5 17. Ne3 Be6 18. Nc4 a4 19. Rb1 b3 20. axb3 axb3 21.
Rd1 h6 22. g4 Rd7 23. Bf4 Ra2 24. Ne5 Bxe5 25. Bxe5 c5 26. Bb5 Rxd1+ 27. Rxd1
Ra5 28. Rd8+ Kh7 29. Be2 c4 30. Bc3 Ra1+ 31. Kg2 Nd7 32. f4 Nc5 33. f5 Nxe4 34.
fxe6 fxe6 35. Bxc4 Nxc3 36. bxc3 b2 37. Rb8 Rc1 38. Bd3+ g6 39. Rb7+ Kg8 40.
Rxb2 Rxc3 41. Bxg6 Kg7 42. Be4 Re3 43. Bf3 Kf6 44. Kg3 Rc3 45. Rb4 Ra3 46. h4
Ra1 47. Rb5 Ra4 48. g5+ hxg5 49. hxg5+ Kg6 50. Re5 Ra3 51. Kf4 Ra6 52. Be4+ Kg7
53. Rb5 Ra1 54. Rb7+ Kf8 55. Ke5 Re1 56. Kf6 Ke8 57. Bc6+ Kd8 58. g6 Rg1 59. g7
Kc8 60. Rf7 1-0

[Event "International Championship of Central S"]
[Site "Paracin"]
[Date "2014.07.10"]
[Round "8.4"]
[White "Madic, Zivko"]
[Black "Radovanovic, Miroljub B"]
[Result "0-1"]
[WhiteElo "2073"]
[BlackElo "1974"]
[PlyCount "88"]
[EventDate "2014.07.04"]

1. d4 d5 2. Nf3 Nf6 3. c4 c6 4. Nc3 e6 5. cxd5 exd5 6. Bg5 Bb4 7. Qc2 h6 8. Bh4
g5 9. Bg3 Ne4 10. Nd2 Bf5 11. Ndxe4 Bxe4 12. Qc1 Nd7 13. f3 Bg6 14. e3 Qe7 15.
Be2 O-O 16. O-O Rae8 17. Bf2 f5 18. Re1 h5 19. Bd3 h4 20. Qc2 Qf6 21. Rac1 Bd6
22. Re2 Bh5 23. Ree1 Bb8 24. e4 fxe4 25. fxe4 Bxh2+ 26. Kxh2 Qxf2 27. Qxf2 Rxf2
28. Kg1 Rd2 29. Bf1 Rxd4 30. exd5 cxd5 31. Nb5 Rxe1 32. Rxe1 Rd2 33. Nxa7 Rxb2
34. Nc8 Rd2 35. Re7 Bg4 36. Bb5 Nf6 37. Nd6 Bd1 38. Rxb7 Rxa2 39. Nf5 Kf8 40.
Ne3 Bh5 41. Bc6 d4 42. Rb8+ Kf7 43. Nd5 Ra1+ 44. Kf2 Ne4# 0-1

[Event "International Championship of Central S"]
[Site "Paracin"]
[Date "2014.07.10"]
[Round "8.5"]
[White "Nikolic, Vladimir"]
[Black "Milosevic, Rade"]
[Result "1/2-1/2"]
[WhiteElo "1980"]
[BlackElo "2100"]
[Annotator "Natasa"]
[PlyCount "49"]
[EventDate "2014.07.04"]

1. Nf3 Nf6 2. g3 b6 3. Bg2 Bb7 4. O-O e6 5. c4 Be7 6. Nc3 Ne4 7. d4 Nxc3 8.
bxc3 d6 9. Ne1 Bxg2 10. Nxg2 Nd7 11. e4 c5 12. f4 O-O 13. e5 cxd4 14. cxd4 Qc7
15. Ba3 Rfe8 16. Qe2 dxe5 17. Bxe7 Rxe7 18. Qf3 Rd8 19. fxe5 Nf8 20. Qe3 Red7
21. d5 Rc8 22. Nf4 Qc5 23. Qxc5 Rxc5 24. Nd3 Ra5 25. d6 {unreadable} 1/2-1/2

[Event "International Championship of Central S"]
[Site "Paracin"]
[Date "2014.07.10"]
[Round "8.6"]
[White "Djordjevic, Danilo"]
[Black "Farkas, Sandor I"]
[Result "1-0"]
[WhiteElo "2080"]
[BlackElo "1901"]
[PlyCount "55"]
[EventDate "2014.07.04"]

1. e4 d6 2. d4 Nf6 3. Nc3 Nbd7 4. f4 e5 5. Nf3 c6 6. fxe5 dxe5 7. dxe5 Ng4 8.
e6 fxe6 9. Ng5 Nde5 10. Qxd8+ Kxd8 11. h3 Nh6 12. Bf4 Bd6 13. O-O-O Ke7 14.
Rxd6 Kxd6 15. Be2 Ke7 16. Bxe5 Nf7 17. Nxf7 Kxf7 18. Rf1+ Kg6 19. Rf3 Rg8 20.
h4 h6 21. h5+ Kh7 22. Rf7 b5 23. Bf1 a5 24. Ne2 c5 25. Rc7 c4 26. Nf4 Ra6 27.
Ng6 Rb6 28. Ne7 1-0

[Event "International Championship of Central S"]
[Site "Paracin"]
[Date "2014.07.10"]
[Round "8.7"]
[White "Marjanovics, Gyorgy"]
[Black "Konstantinov, Aleksandar"]
[Result "1-0"]
[WhiteElo "2070"]
[BlackElo "1828"]
[PlyCount "81"]
[EventDate "2014.07.04"]

1. d4 Nf6 2. c4 c5 3. d5 b5 4. Qc2 bxc4 5. e4 d6 6. Bxc4 g6 7. Nf3 Bg7 8. Nc3
O-O 9. h3 Ba6 10. Qe2 Qa5 11. O-O Bxc4 12. Qxc4 Qb4 13. Qd3 Nbd7 14. a3 Qb7 15.
Rb1 Rfc8 16. Bf4 c4 17. Qe2 Nc5 18. Bh2 Rab8 19. Nd2 Nb3 20. Nf3 Nc5 21. Nd2
Nb3 22. Nf3 Nc5 23. Nd2 Nb3 24. Nf3 Nd7 25. Rfd1 Qb6 26. e5 dxe5 27. Bxe5 Nxe5
28. Nxe5 Bxe5 29. Qxe5 Rb7 30. d6 exd6 31. Rxd6 Qc5 32. Nd5 h5 33. Rd1 Kh7 34.
Nf6+ Kh6 35. R1d5 Qc7 36. Qg5+ Kg7 37. Nxh5+ Kh7 38. Qf6 Rg8 39. Qh4 gxh5 40.
Qxh5+ Kg7 41. Qh6# 1-0

[Event "International Championship of Central S"]
[Site "Paracin"]
[Date "2014.07.10"]
[Round "8.8"]
[White "Isak, Igor G"]
[Black "Cvetkovski, Slobodan"]
[Result "1-0"]
[WhiteElo "2062"]
[BlackElo "1875"]
[PlyCount "77"]
[EventDate "2014.07.04"]

1. d4 d5 2. c4 c6 3. Nf3 e6 4. Nc3 Nf6 5. Bg5 Nbd7 6. e3 Be7 7. Rc1 O-O 8. h3
Re8 9. Bd3 dxc4 10. Bxc4 b5 11. Bd3 a6 12. O-O h6 13. Bh4 c5 14. Qe2 c4 15. Bb1
Nd5 16. Bg3 Nxc3 17. bxc3 Ba3 18. Rcd1 Bb7 19. e4 f6 20. Nh4 g5 21. Nf3 Qe7 22.
Nh2 Qf7 23. f4 f5 24. fxg5 hxg5 25. Ng4 Qg7 26. Be5 Nxe5 27. Nxe5 f4 28. Qh5
Be7 29. Rde1 Rf8 30. Bc2 a5 31. Ng6 Rf7 32. Nxe7+ Rxe7 33. h4 Rf7 34. hxg5 b4
35. g6 Rd7 36. Rxf4 a4 37. Ref1 bxc3 38. e5 Qh8 39. Rf8+ 1-0

[Event "International Championship of Central S"]
[Site "Paracin"]
[Date "2014.07.10"]
[Round "8.9"]
[White "Injac, Teodora"]
[Black "Arandjelovic, Aleksandar Z"]
[Result "0-1"]
[WhiteElo "1984"]
[BlackElo "2060"]
[PlyCount "72"]
[EventDate "2014.07.04"]

1. d4 Nf6 2. c4 g6 3. Nc3 Bg7 4. e4 d6 5. h3 O-O 6. Nf3 a6 7. Be3 Nbd7 8. Be2
e5 9. dxe5 dxe5 10. O-O Qe7 11. Nd5 Nxd5 12. cxd5 Nf6 13. Qc2 b6 14. Rac1 Ra7
15. Rfd1 Ne8 16. Nd2 f5 17. f3 Qh4 18. Bxb6 cxb6 19. Qxc8 Nc7 20. Qd7 Nb5 21.
Qe6+ Kh8 22. Bxb5 axb5 23. Rc8 Raf7 24. Rxf8+ Rxf8 25. Qxb6 Bh6 26. Qc5 Rd8 27.
d6 Qf6 28. Nf1 Bf8 29. Qxb5 fxe4 30. fxe4 Bxd6 31. Kh1 Kg7 32. Qa6 Qf2 33. Qb7+
Kh6 34. Kh2 Bc5 35. Rxd8 Qxf1 36. Rh8 Bg1+ 0-1

[Event "International Championship of Central S"]
[Site "Paracin"]
[Date "2014.07.10"]
[Round "8.10"]
[White "Zajic, Milun"]
[Black "Tomic, Slobodan"]
[Result "1/2-1/2"]
[WhiteElo "1970"]
[BlackElo "2060"]
[PlyCount "78"]
[EventDate "2014.07.04"]

1. d4 Nf6 2. c4 c5 3. d5 b5 4. cxb5 a6 5. b6 d6 6. Nc3 Nbd7 7. e4 g6 8. Nf3 Bg7
9. Be2 O-O 10. O-O Qxb6 11. Nd2 a5 12. a4 Ne8 13. Nc4 Qd8 14. Ne3 Nc7 15. Kh1
Na6 16. f4 Nb4 17. f5 Ne5 18. Ng4 Nxg4 19. Bxg4 Ba6 20. Nb5 Bxb5 21. axb5 c4
22. Be2 Qc7 23. Qa4 Qc5 24. fxg6 hxg6 25. Ra3 Rfb8 26. Rd1 Nd3 27. Bxd3 cxd3
28. Raxd3 Qxb5 29. Qc2 Rc8 30. Qe2 Rc7 31. Qf3 Rac8 32. Rf1 Bf6 33. Bd2 Qxb2
34. Bxa5 Rc1 35. Be1 Qa1 36. Re3 Qd4 37. Rd3 Qa1 38. Re3 Qd4 39. Rd3 Qa1
1/2-1/2

[Event "International Championship of Central S"]
[Site "Paracin"]
[Date "2014.07.10"]
[Round "8.11"]
[White "Jakovljevic, Dejan"]
[Black "Milutinovic, Stefana"]
[Result "1/2-1/2"]
[WhiteElo "1962"]
[BlackElo "2055"]
[PlyCount "75"]
[EventDate "2014.07.04"]

1. e4 c5 2. c3 d5 3. exd5 Qxd5 4. Na3 Nf6 5. Nf3 e6 6. Bc4 Qd8 7. O-O Nc6 8.
Nc2 Be7 9. d4 Qc7 10. Qe2 O-O 11. Bg5 Na5 12. dxc5 Nxc4 13. Qxc4 Qxc5 14. Ne3
Rd8 15. Rad1 Bd7 16. Bxf6 Qxc4 17. Nxc4 Bxf6 18. Rfe1 Ba4 19. Rxd8+ Rxd8 20.
Ne3 Bc6 21. Rd1 Rxd1+ 22. Nxd1 Bd5 23. b3 Kf8 24. Ne3 Bc6 25. Kf1 Ke8 26. Ke2
h5 27. Kd3 g5 28. Nd4 Bd7 29. Ke4 Bg7 30. Nc4 f5+ 31. Ke3 Ke7 32. Nf3 Bf6 33.
Nfe5 Be8 34. Nd3 f4+ 35. Ke2 b6 36. Nd2 Bc6 37. f3 Bg7 38. Nf2 1/2-1/2

[Event "International Championship of Central S"]
[Site "Paracin"]
[Date "2014.07.10"]
[Round "8.12"]
[White "Dragojevic, Dragan"]
[Black "Thomassen, Thomas"]
[Result "1-0"]
[WhiteElo "1953"]
[BlackElo "2050"]
[PlyCount "69"]
[EventDate "2014.07.04"]

1. e4 c5 2. f4 Nc6 3. Nf3 g6 4. c3 d5 5. e5 Bg7 6. Be2 e6 7. d3 f6 8. exf6 Nxf6
9. O-O O-O 10. Na3 Qc7 11. Nc2 Nh5 12. g3 Bd7 13. Nce1 Rae8 14. Ng2 Nf6 15.
Nfh4 e5 16. f5 Ne7 17. fxg6 hxg6 18. Bg5 Qd6 19. Qd2 Nh7 20. Bh6 Nf5 21. Bxg7
Kxg7 22. Rf2 Nxh4 23. Nxh4 Rxf2 24. Kxf2 Bh3 25. Kg1 Rf8 26. Bf3 b6 27. Bg2
Bxg2 28. Nxg2 Qf6 29. h4 Qf3 30. Qe1 e4 31. dxe4 dxe4 32. Nf4 Rf7 33. Rd1 Nf6
34. Ne6+ Kg8 35. Rd8+ 1-0

[Event "International Championship of Central S"]
[Site "Paracin"]
[Date "2014.07.10"]
[Round "8.13"]
[White "Bozinovic, Boban"]
[Black "Peycheva, Gergana"]
[Result "1/2-1/2"]
[WhiteElo "2011"]
[BlackElo "1672"]
[PlyCount "90"]
[EventDate "2014.07.04"]

1. e4 c5 2. Nf3 a6 3. c3 d5 4. exd5 Qxd5 5. d4 e6 6. Be2 cxd4 7. cxd4 Nf6 8.
O-O Be7 9. Nc3 Qd8 10. Ne5 O-O 11. Be3 Nbd7 12. Nxd7 Bxd7 13. d5 exd5 14. Nxd5
Nxd5 15. Qxd5 Bc6 16. Qh5 Qd5 17. Qh3 Bf6 18. Rfd1 Qe6 19. Qxe6 fxe6 20. Bd4 e5
21. Bc4+ Kh8 22. Bb6 Rfe8 23. Rd2 Bg5 24. Rd6 Be7 25. Re6 Bf6 26. Rd1 Rxe6 27.
Bxe6 h6 28. b3 Kh7 29. f3 Kg6 30. Kf2 Re8 31. Bd7 Bxd7 32. Rxd7 Re7 33. Rxe7
Bxe7 34. Ke3 Kf6 35. Ke4 Ke6 36. Bc7 Bf6 37. h3 g6 38. g3 Bg7 39. a4 Bf6 40.
Ba5 Be7 41. Bc3 Bd6 42. Bb2 Bb8 43. Bc1 h5 44. g4 Bd6 45. Bd2 Bb8 1/2-1/2

[Event "International Championship of Central S"]
[Site "Paracin"]
[Date "2014.07.10"]
[Round "8.14"]
[White "Emmanouilidis, Athanasios"]
[Black "Milosevic, Jovana"]
[Result "1-0"]
[WhiteElo "1880"]
[BlackElo "1990"]
[PlyCount "163"]
[EventDate "2014.07.04"]

1. e4 c5 2. Nf3 d6 3. d4 cxd4 4. Nxd4 Nf6 5. Nc3 a6 6. Be2 e6 7. Be3 Nbd7 8. a4
Nc5 9. Bf3 Be7 10. O-O O-O 11. a5 Qc7 12. Qd2 Ncd7 13. Nb3 Ne5 14. Be2 Nc4 15.
Bxc4 Qxc4 16. Ra4 Qc7 17. Bb6 Qb8 18. Rc4 Ne8 19. Re1 Bd7 20. e5 d5 21. Rg4 f6
22. Nxd5 exd5 23. Qxd5+ Rf7 24. e6 Bxe6 25. Qxe6 Bd6 26. h3 Qc8 27. Qxc8 Rxc8
28. Rge4 Kf8 29. c3 Re7 30. Nd4 Rxe4 31. Rxe4 Kf7 32. Nf5 Bf8 33. Rd4 Ke6 34.
g4 Nd6 35. Nxd6 Bxd6 36. Kf1 Be5 37. Rd3 g6 38. Ke2 f5 39. Bd4 Bxd4 40. Rxd4
fxg4 41. hxg4 Rc5 42. Rb4 Rc7 43. Ke3 Ke5 44. f4+ Kd5 45. Kd3 Rf7 46. c4+ Kc6
47. Rb6+ Kc7 48. Ke4 Re7+ 49. Kf3 Rf7 50. Kg3 Rf8 51. g5 Kb8 52. c5 Kc7 53. b4
Rf7 54. Kg4 Rd7 55. c6 bxc6 56. Rxa6 Kb7 57. Rb6+ Kc7 58. b5 cxb5 59. Rxb5 Kc6
60. Rb6+ Kc5 61. Rb2 Ra7 62. a6 Rxa6 63. Rb7 Ra1 64. Rxh7 Rg1+ 65. Kf3 Rf1+ 66.
Ke3 Re1+ 67. Kf2 Re6 68. Rg7 Kd5 69. Kf3 Rb6 70. Kg4 Rc6 71. Rf7 Rc8 72. Rf6
Rg8 73. Ra6 Ke4 74. Ra4+ Kd5 75. f5 gxf5+ 76. Kxf5 Re8 77. Ra6 Re1 78. g6 Rg1
79. Kf6 Rf1+ 80. Ke7 Re1+ 81. Kf7 Rg1 82. g7 1-0

[Event "International Championship of Central S"]
[Site "Paracin"]
[Date "2014.07.10"]
[Round "8.15"]
[White "Stanojevic, Ilija"]
[Black "Petrovic, Marija"]
[Result "1/2-1/2"]
[WhiteElo "1861"]
[BlackElo "2087"]
[PlyCount "74"]
[EventDate "2014.07.04"]

1. d4 d5 2. c4 c6 3. Nc3 Nf6 4. Nf3 Qb6 5. cxd5 cxd5 6. Qb3 Qxb3 7. axb3 Nc6 8.
e3 e6 9. Bb5 Bb4 10. Ne5 Bd7 11. Nxd7 Kxd7 12. Bd2 Rhc8 13. f3 a6 14. Na4 Kc7
15. Bxc6 Bxd2+ 16. Kxd2 bxc6 17. Nc5 a5 18. Ra4 Rcb8 19. Rha1 Rb5 20. b4 Nd7
21. Nxd7 Kxd7 22. Rxa5 Raxa5 23. Rxa5 Rxb4 24. Ra7+ Ke8 25. Kc3 Rb6 26. b4 h5
27. h4 g6 28. g4 hxg4 29. fxg4 Kf8 30. h5 gxh5 31. gxh5 Kg7 32. Kb3 Kf6 33. Kc3
Rb8 34. Rc7 Rb6 35. Ra7 Kg7 36. Kb3 Kf6 37. Kc3 Rb8 1/2-1/2

[Event "International Championship of Central S"]
[Site "Paracin"]
[Date "2014.07.10"]
[Round "8.16"]
[White "Mitev, Valentin"]
[Black "Ljangov, Petar"]
[Result "0-1"]
[WhiteElo "1640"]
[BlackElo "2046"]
[PlyCount "193"]
[EventDate "2014.07.04"]

1. d4 Nf6 2. Nf3 d6 3. c4 g6 4. Nc3 Bg7 5. e4 O-O 6. Be2 e5 7. O-O Nbd7 8. Re1
Re8 9. d5 Nc5 10. Bf1 a5 11. b3 c6 12. dxc6 bxc6 13. Ba3 Bg4 14. h3 Bxf3 15.
Qxf3 Ne6 16. c5 Nd4 17. Qd3 d5 18. exd5 Nxd5 19. Ne4 Nb5 20. Bb2 f5 21. Ng3 e4
22. Qd2 Bxb2 23. Qxb2 Qf6 24. Qxf6 Nxf6 25. Bxb5 cxb5 26. Rad1 Rac8 27. Rd6 Kf7
28. Rc1 Re6 29. Rxe6 Kxe6 30. Ne2 Ke5 31. a3 Nd5 32. c6 b4 33. a4 Nc3 34. Nxc3
bxc3 35. Rxc3 Kd6 36. b4 axb4 37. Rc4 b3 38. Rb4 Rxc6 39. Rxb3 Rc1+ 40. Kh2 Ra1
41. Rb7 f4 42. Rb4 Kd5 43. a5 Rxa5 44. f3 exf3 45. Rxf4 fxg2 46. Kxg2 Ke5 47.
Rg4 Kf5 48. Kg3 Ra3+ 49. Kh4 h6 50. Rf4+ Ke5 51. Rf2 Re3 52. Kg4 Re4+ 53. Kg3
g5 54. Rf8 h5 55. Re8+ Kf5 56. Rf8+ Kg6 57. Rg8+ Kf6 58. Rf8+ Kg7 59. Ra8 Re3+
60. Kg2 h4 61. Ra7+ Kg6 62. Ra6+ Kf5 63. Ra4 Re2+ 64. Kf3 Rh2 65. Ra5+ Kg6 66.
Kg4 Rg2+ 67. Kf3 Rg3+ 68. Kf2 Rxh3 69. Kg2 Rb3 70. Ra4 Kh5 71. Kh2 Rb2+ 72. Kg1
h3 73. Ra8 Kh4 74. Kh1 g4 75. Ra4 Rf2 76. Kg1 Rb2 77. Kh1 Re2 78. Kg1 Kg3 79.
Ra3+ Kf4 80. Ra8 Kf3 81. Rf8+ Kg3 82. Rf1 Rg2+ 83. Kh1 Rf2 84. Re1 Kf3 85. Rg1
g3 86. Re1 Re2 87. Rd1 Re4 88. Rg1 Kf2 89. Rf1+ Ke2 90. Rg1 Re3 91. Rf1 Rd3 92.
Kg1 Rd1 93. Rxd1 Kxd1 94. Kf1 Kd2 95. Kg1 Ke2 96. Kh1 Kf3 97. Kg1 0-1

[Event "International Championship of Central S"]
[Site "Paracin"]
[Date "2014.07.10"]
[Round "8.17"]
[White "Lazic, Milan B"]
[Black "Ostojic, Katarina"]
[Result "1/2-1/2"]
[WhiteElo "2022"]
[BlackElo "1834"]
[PlyCount "41"]
[EventDate "2014.07.04"]

1. e4 c5 2. Nc3 Nc6 3. g3 g6 4. Bg2 Bg7 5. f4 d6 6. Nf3 Nf6 7. O-O O-O 8. d3
Bg4 9. h3 Bxf3 10. Qxf3 Nd4 11. Qd1 Nc6 12. Be3 Nd7 13. Qd2 Rc8 14. Rab1 a6 15.
Ne2 b5 16. c3 a5 17. g4 Qb6 18. Kh1 a4 19. Ng3 Kh8 20. Rfc1 Qa6 21. Kh2 1/2-1/2

[Event "International Championship of Central S"]
[Site "Paracin"]
[Date "2014.07.10"]
[Round "8.18"]
[White "Petrovic, Milan M"]
[Black "Kuzmanovic, Aleksa"]
[Result "1/2-1/2"]
[WhiteElo "1953"]
[BlackElo "1809"]
[PlyCount "90"]
[EventDate "2014.07.04"]

1. e4 c5 2. Nc3 Nc6 3. Bb5 Nd4 4. Bc4 e6 5. Nge2 Nf6 6. O-O Qc7 7. d3 a6 8.
Nxd4 cxd4 9. Ne2 Nxe4 10. Nxd4 Nf6 11. Bb3 Bd6 12. Nf3 b5 13. Re1 Bb7 14. h3
O-O 15. Bg5 Be7 16. Qe2 Rac8 17. Ne5 h6 18. Bf4 Bd6 19. Qe3 a5 20. a4 b4 21.
Rac1 Bd5 22. d4 Bxb3 23. Qxb3 Nd5 24. Bd2 f6 25. Ng6 Rfe8 26. Qf3 Kh7 27. Qd3
Qc4 28. Nf8+ Kg8 29. Nxd7 Qc6 30. Nc5 Bxc5 31. dxc5 Qxc5 32. Re4 Kf7 33. Rg4
Ne7 34. Bxh6 Nf5 35. Be3 Qc6 36. b3 Red8 37. Qe2 Qd5 38. Qa6 Rc6 39. Qe2 Rc3
40. Bb6 Rd6 41. Ba7 Qb7 42. Be3 Qd5 43. Rc4 Nxe3 44. fxe3 Rxc4 45. bxc4 Qd2
1/2-1/2

[Event "International Championship of Central S"]
[Site "Paracin"]
[Date "2014.07.10"]
[Round "8.19"]
[White "Lukic, Lazar"]
[Black "Brankovan, Mario"]
[Result "1/2-1/2"]
[WhiteElo "1757"]
[BlackElo "1921"]
[PlyCount "59"]
[EventDate "2014.07.04"]

1. e4 c5 2. Nf3 Nc6 3. d4 cxd4 4. Nxd4 Nf6 5. Nc3 d6 6. Be2 e5 7. Nf3 h6 8. O-O
Be7 9. h3 Be6 10. Re1 O-O 11. Bf1 Rc8 12. Nd5 Nh7 13. Nxe7+ Qxe7 14. b3 f5 15.
Ba3 Rcd8 16. exf5 Bxf5 17. Bc4+ Kh8 18. Bd5 Qf6 19. c4 Ng5 20. Bxc6 bxc6 21.
Nxg5 Qxg5 22. Re3 Rf6 23. Rg3 Qh4 24. Qe2 c5 25. Rf1 Rdf8 26. Bc1 Be6 27. Be3
Qxg3 28. fxg3 Rxf1+ 29. Qxf1 Rxf1+ 30. Kxf1 1/2-1/2

[Event "International Championship of Central S"]
[Site "Paracin"]
[Date "2014.07.10"]
[Round "8.20"]
[White "Colovic, Zoran"]
[Black "Maksimovic, Bojan"]
[Result "1/2-1/2"]
[WhiteElo "2088"]
[BlackElo "1745"]
[PlyCount "192"]
[EventDate "2014.07.04"]

1. e4 c5 2. c3 Nf6 3. e5 Nd5 4. Nf3 e6 5. Bc4 Nb6 6. Bb3 Nc6 7. d4 cxd4 8. cxd4
d6 9. exd6 Bxd6 10. O-O O-O 11. Nc3 Nd5 12. Bg5 Be7 13. Be3 Nxe3 14. fxe3 b6
15. Rc1 Bb7 16. d5 exd5 17. Nxd5 Bc5 18. Nd4 Ne7 19. Rxc5 bxc5 20. Nxe7+ Qxe7
21. Nf5 Qe4 22. Qe2 Rad8 23. Bc2 Qe6 24. Qg4 g6 25. Bb3 Qe4 26. Qg5 Rd7 27.
Nh6+ Kg7 28. Nf5+ Kg8 29. h4 Qxg2+ 30. Qxg2 Bxg2 31. Kxg2 gxf5 32. Rxf5 Rd2+
33. Kf3 Rxb2 34. Rxc5 Rb1 35. Rg5+ Kh8 36. Ra5 Ra8 37. Bd5 Rd8 38. e4 Rd7 39.
Kf4 Kg7 40. Ra3 Kf6 41. Ra6+ Kg7 42. h5 h6 43. Ra3 Rg1 44. Rh3 Rg5 45. Bb3 Re7
46. Rh1 a5 47. Rh2 Rc7 48. Ke3 Re7 49. Kf4 Rge5 50. Bd5 Rg5 51. Bb3 Kf6 52. Ke3
Rge5 53. Bc2 Kg5 54. Rg2+ Kxh5 55. Kf4 Rg5 56. Rd2 Kg6 57. Rd6+ Re6 58. Rd7
Rge5 59. Rd5 Kf6 60. Rd8 Re8 61. Rd7 Rc5 62. Bb3 Re7 63. Rd6+ Kg7 64. Bd5 h5
65. Rb6 Rc3 66. Rb1 h4 67. Rg1+ Rg3 68. Rh1 Rg6 69. Rxh4 Rf6+ 70. Ke3 Rh6 71.
Rf4 Rf6 72. Rh4 Rh6 73. Rf4 Rf6 74. Rg4+ Rg6 75. Rh4 f5 76. Kd4 Rg4 77. Rxg4+
fxg4 78. Ke3 Kg6 79. Kf4 Kh5 80. e5 g3 81. Kf5 Rg7 82. e6 Rg5+ 83. Kf6 g2 84.
Bxg2 Rxg2 85. e7 Rf2+ 86. Kg7 Re2 87. Kf7 Rf2+ 88. Kg7 Re2 89. Kf7 Kg5 90. e8=Q
Rxe8 91. Kxe8 Kf6 92. Kd7 Ke5 93. Kc6 a4 94. a3 Ke6 95. Kb5 Kd6 96. Kxa4 Kc7
1/2-1/2

[Event "International Championship of Central S"]
[Site "Paracin"]
[Date "2014.07.10"]
[Round "8.22"]
[White "Floricelovic, Milos"]
[Black "Glisic, Tomislav"]
[Result "1-0"]
[WhiteElo "2067"]
[BlackElo "1881"]
[PlyCount "111"]
[EventDate "2014.07.04"]

1. e4 e5 2. Nf3 Nc6 3. Bc4 Bc5 4. c3 Nf6 5. O-O Nxe4 6. d4 Bb6 7. d5 Ne7 8.
Nxe5 O-O 9. Qf3 Nd6 10. Bb3 Ndf5 11. Bc2 d6 12. Nc4 Nh4 13. Bxh7+ Kxh7 14. Qh5+
Kg8 15. Qxh4 Nxd5 16. Qg3 Qf6 17. a4 a5 18. Nba3 Bc5 19. Nb5 Be6 20. Rd1 Nxc3
21. bxc3 Bxc4 22. Nxc7 Rac8 23. Nd5 Qe6 24. Ne3 Ba6 25. Nd5 b6 26. Bg5 Rfe8 27.
Nf6+ Kf8 28. Nxe8 Rxe8 29. h4 f6 30. Bf4 d5 31. Re1 Qd7 32. Rxe8+ Kxe8 33. Qg6+
Kf8 34. h5 Qf7 35. Qf5 Bb7 36. Re1 Kg8 37. Be3 Qe8 38. h6 Qe4 39. Qxe4 dxe4 40.
Bxc5 bxc5 41. hxg7 Bc6 42. Kh2 Kxg7 43. Kg3 Kg6 44. Kf4 Bxa4 45. Ra1 Bc2 46.
Rxa5 c4 47. Ra6 Bd3 48. g4 Kg7 49. Re6 Kf7 50. Rxe4 Bxe4 51. Kxe4 Kg6 52. Kf4
Kf7 53. Kf5 Kg7 54. Ke6 Kg6 55. f4 Kg7 56. f5 1-0

[Event "International Championship of Central S"]
[Site "Paracin"]
[Date "2014.07.10"]
[Round "8.23"]
[White "Vassilev, Martin"]
[Black "Zivkovic, Zivojin"]
[Result "0-1"]
[WhiteElo "1867"]
[BlackElo "1992"]
[PlyCount "136"]
[EventDate "2014.07.04"]

1. d4 Nf6 2. c4 g6 3. Nc3 Bg7 4. Bg5 d6 5. Nf3 O-O 6. e3 a5 7. Be2 Nbd7 8. a3
e5 9. Qc2 exd4 10. exd4 Re8 11. O-O Nf8 12. d5 h6 13. Be3 Bf5 14. Bd3 Bxd3 15.
Qxd3 Ng4 16. Bd4 Nf6 17. b4 N8d7 18. b5 Nc5 19. Bxc5 dxc5 20. Rae1 Qd6 21. Ne4
Nxe4 22. Rxe4 f5 23. Re2 c6 24. Rd1 cxb5 25. cxb5 Kf7 26. Rxe8 Rxe8 27. Nd2 Bd4
28. Qf3 Rd8 29. Nc4 Qxd5 30. Qxd5+ Rxd5 31. Kf1 a4 32. Nb6 Rd8 33. Rc1 Rd6 34.
Nxa4 b6 35. Nc3 Bxc3 36. Rxc3 Rd2 37. a4 Ra2 38. Rd3 Ke7 39. Rg3 Kf6 40. Rd3
Ke5 41. Rg3 g5 42. Rh3 h5 43. Rxh5 c4 44. Rh6 c3 45. Ke1 Rxa4 46. Kd1 Kd4 47.
Kc2 Ra2+ 48. Kb3 Rb2+ 49. Ka4 c2 50. Rc6 Kd3 51. Rd6+ Ke2 52. Rc6 Kxf2 53. Ka3
Rxb5 54. Rxc2+ Kg1 55. h3 f4 56. Ka4 Re5 57. Kb4 Re3 58. Kc4 Rg3 59. Kd4 Rxg2
60. Rc1+ Kh2 61. h4 gxh4 62. Ke4 Kg3 63. Rc3+ Kg4 64. Rc8 Re2+ 65. Kd3 Re5 66.
Rf8 Kf3 67. Kd2 h3 68. Rh8 Kg2 0-1

[Event "International Championship of Central S"]
[Site "Paracin"]
[Date "2014.07.10"]
[Round "8.24"]
[White "Dyulgerov, Dimitar"]
[Black "Gagic, Miroljub"]
[Result "1/2-1/2"]
[WhiteElo "1977"]
[BlackElo "1851"]
[PlyCount "64"]
[EventDate "2014.07.04"]

1. d4 Nf6 2. c4 e6 3. Nc3 Bb4 4. Qc2 Nc6 5. Nf3 d6 6. Bd2 O-O 7. a3 Bxc3 8.
Bxc3 Re8 9. e4 e5 10. dxe5 dxe5 11. Rd1 Qe7 12. Be2 Bg4 13. O-O Bxf3 14. Bxf3
a5 15. Qb3 b6 16. Rd2 Rad8 17. Rfd1 Rxd2 18. Rxd2 Rd8 19. Qd1 Rxd2 20. Qxd2 h6
21. b4 axb4 22. axb4 g5 23. g3 Kg7 24. Bg2 Kg6 25. h3 h5 26. Kh2 Nd7 27. f4 f6
28. fxg5 fxg5 29. Qd5 Qd6 30. Qg8+ Kh6 31. Qh8+ Kg6 32. Qg8+ Kh6 1/2-1/2